Станции метро Красной ветки Москвы - Statistics

General Stats
  • This quiz has been taken 89 times
    3 since last reset
  • The average score is 14 of 27
Answer Stats
Номер Название станции % Correct
1 Бульвар Рокоссовского
100%
4 Сокольники
100%
6 Комсомольская
100%
7 Красные Ворота
100%
10 Охотный ряд
100%
2 Черкизовская
67%
3 Преображенская площадь
67%
5 Красносельская
67%
11 Библиотека им. Ленина
67%
15 Спортивная
67%
16 Воробьёвы горы
67%
17 Университет
67%
19 Юго-Западная
67%
8 Чистые пруды
33%
9 Лубянка
33%
12 Кропоткинская
33%
13 Парк культуры
33%
14 Фрунзенская
33%
18 Проспект Вернадского
33%
20 Тропарёво
33%
22 Саларьево
33%
23 Филатов Луг
33%
26 Новомоссковская
33%
27 Потапово
33%
21 Румянцево
0%
24 Прокшино
0%
25 Ольховая
0%
No matching quizzes found
Score Distribution
Percent of People with Each Score
Percentile by Number Answered
Your Score History
You have not taken this quiz since the last reset